| 000 | 00493nam a22001817a 4500 | ||
|---|---|---|---|
| 999 |
_c526099 _d526099 |
||
| 003 | NUST | ||
| 005 | 20190708101909.0 | ||
| 008 | 190708b ||||| |||| 00| 0 eng d | ||
| 038 | _aWaseem | ||
| 082 |
_a891.493 _bNAS |
||
| 100 |
_aInasari, Aslam _917063 |
||
| 245 |
_aSaraiki / _cAslam Inasari |
||
| 260 |
_aMultan : _bMultan Katab Ghar Publisher, _c2001. |
||
| 500 | _aPaper cover. | ||
| 880 |
_6100-01/r _aاسلم انصاری |
||
| 880 |
_6245-02\r _aسرائیکی / |
||
| 942 |
_2ddc _cBK |
||